Parliamentarians & the sustenance of political liberalisation in Africa : (Record no. 2140)

MARC details
000 -LEADER
fixed length control field 01955cam a2200373 a 4500
001 - CONTROL NUMBER
control field 232184
003 - CONTROL NUMBER IDENTIFIER
control field OSt
005 - DATE AND TIME OF LATEST TRANSACTION
control field 20230621120725.0
008 - FIXED-LENGTH DATA ELEMENTS--GENERAL INFORMATION
fixed length control field 990429s1996 dcu b i100 0 eng
010 ## - LIBRARY OF CONGRESS CONTROL NUMBER
LC control number 99201318
035 ## - SYSTEM CONTROL NUMBER
System control number (CU)GLAD117979331
035 ## - SYSTEM CONTROL NUMBER
System control number (CStRLIN)CUBGGLAD117979331-B
040 ## - CATALOGING SOURCE
Original cataloging agency DLC
Transcribing agency DLC
Modifying agency DLC
042 ## - AUTHENTICATION CODE
Authentication code lccopycat
043 ## - GEOGRAPHIC AREA CODE
Geographic area code fb-----
082 00 - DEWEY DECIMAL CLASSIFICATION NUMBER
Classification number 328/.0967
Edition number 21
Item number EDI
111 2# - MAIN ENTRY--MEETING NAME
Meeting name or jurisdiction name as entry element African Parliamentarians Meeting
Date of meeting (1996 :
Location of meeting Addis Ababa, Ethiopia)
245 10 - TITLE STATEMENT
Title Parliamentarians & the sustenance of political liberalisation in Africa :
Remainder of title sumary report & papers of an international conference jointly organised by the Africa Leadership Forum and the Economic Commission for Africa : Addis Ababa, Ethiopia, 5-7 April 1996 /
Statement of responsibility, etc. [compiled & edited by Ayodele Aderinwale].
246 3# - VARYING FORM OF TITLE
Title proper/short title Parliamentarians and the sustenance of political liberalisation in Africa
260 ## - PUBLICATION, DISTRIBUTION, ETC. (IMPRINT)
Place of publication, distribution, etc. Washington, D.C. :
Name of publisher, distributor, etc. Economic Development of the World Bank (EDI), Regulatory Reform and Private Enterprise Division,
Date of publication, distribution, etc. c1996.
300 ## - PHYSICAL DESCRIPTION
Extent iv, 238 p. ;
Dimensions 28 cm.
504 ## - BIBLIOGRAPHY, ETC. NOTE
Bibliography, etc Includes bibliographical references.
650 #0 - SUBJECT ADDED ENTRY--TOPICAL TERM
Topical term or geographic name as entry element Legislators
Geographic subdivision Africa, Sub-Saharan
Form subdivision Congresses.
650 #0 - SUBJECT ADDED ENTRY--TOPICAL TERM
Topical term or geographic name as entry element Legislative bodies
Geographic subdivision Africa, Sub-Saharan
Form subdivision Congresses.
650 #0 - SUBJECT ADDED ENTRY--TOPICAL TERM
Topical term or geographic name as entry element Political leadership
Geographic subdivision Africa, Sub-Saharan
Form subdivision Congresses.
650 #0 - SUBJECT ADDED ENTRY--TOPICAL TERM
Topical term or geographic name as entry element Representative government and representation
Geographic subdivision Africa, Sub-Saharan
Form subdivision Congresses.
650 #0 - SUBJECT ADDED ENTRY--TOPICAL TERM
Topical term or geographic name as entry element Political participation
Geographic subdivision Africa, Sub-Saharan
Form subdivision Congresses.
700 1# - ADDED ENTRY--PERSONAL NAME
Personal name Aderinwale, Ayodele.
710 2# - ADDED ENTRY--CORPORATE NAME
Corporate name or jurisdiction name as entry element Africa Leadership Forum.
710 2# - ADDED ENTRY--CORPORATE NAME
Corporate name or jurisdiction name as entry element United Nations.
Subordinate unit Economic Commission for Africa.
906 ## - LOCAL DATA ELEMENT F, LDF (RLIN)
a 7
b cbc
c copycat
d 2
e ncip
f 19
g y-gencatlg
942 ## - ADDED ENTRY ELEMENTS (KOHA)
Source of classification or shelving scheme Dewey Decimal Classification
Koha item type Books
Holdings
Withdrawn status Lost status Source of classification or shelving scheme Damaged status Not for loan Home library Current library Date acquired Total Checkouts Full call number Barcode Date last seen Price effective from Koha item type
    Dewey Decimal Classification     County Hall Archives County Hall Archives 06/21/2023   328/.0967 EDI 10011141 06/21/2023 06/21/2023 Books
LIBRARY OPENING HOURS

When the Parliament is sitting: 8.00a.m - 7.00p.m or until the house adjourns
Mondays and Fridays and when the House is on Recess:  8.00a.m - 5.00p.m
Closed on Weekends and Public Holidays

Online Public Access Catalog (OPAC)
Website: http://www.parliament.go.ke
Bunge Library: https://libraryir.parliament.go.ke
Contact: library@parliament.go.ke | Tel no: (254-2)2221291 or 2848000 Ext 5043